The Spirit of Contradiction: Rabbinic Wisdom, Ecclesiastes, and the Pursuit of Jewish Emancipation (notice n° 1719114)

détails MARC
000 -LEADER
fixed length control field 01203cam a2200157 4500500
005 - DATE AND TIME OF LATEST TRANSACTION
control field 20260322001933.0
041 ## - LANGUAGE CODE
Language code of text/sound track or separate title fre
042 ## - AUTHENTICATION CODE
Authentication code dc
100 10 - MAIN ENTRY--PERSONAL NAME
Personal name Strauss, Ze’ev
Relator term author
245 00 - TITLE STATEMENT
Title The Spirit of Contradiction: Rabbinic Wisdom, Ecclesiastes, and the Pursuit of Jewish Emancipation
260 ## - PUBLICATION, DISTRIBUTION, ETC.
Date of publication, distribution, etc. 2025.<br/>
500 ## - GENERAL NOTE
General note 72
520 ## - SUMMARY, ETC.
Summary, etc. The study examines the pedagogical and exegetical perspectives of Mendelssohn and Friedländer within Jewish Enlightenment thought, bringing their similar approaches to biblical and rabbinic sources into sharper focus. Taking Mendelssohn’s commentary on Ecclesiastes and its German translation by Friedländer as its point of departure, it shows how their works seek to promote a dialectical, universal-ethical consciousness in Jewish youth that aligns with Enlightenment ideals. It further explores Friedländer’s selective reading of rabbinic sources to advocate for Jewish emancipation, particularly with regard to women’s roles in tradition.
786 0# - DATA SOURCE ENTRY
Note Archives de philosophie | 88 | 3 | 2025-07-11 | p. 111-135 | 0003-9632
856 41 - ELECTRONIC LOCATION AND ACCESS
Uniform Resource Identifier <a href="https://shs.cairn.info/journal-archives-de-philosophie-2025-3-page-111?lang=en&redirect-ssocas=7080">https://shs.cairn.info/journal-archives-de-philosophie-2025-3-page-111?lang=en&redirect-ssocas=7080</a>

Pas d'exemplaire disponible.

PLUDOC

PLUDOC est la plateforme unique et centralisée de gestion des bibliothèques physiques et numériques de Guinée administré par le CEDUST. Elle est la plus grande base de données de ressources documentaires pour les Étudiants, Enseignants chercheurs et Chercheurs de Guinée.

Adresse

627 919 101/664 919 101

25 boulevard du commerce
Kaloum, Conakry, Guinée

Réseaux sociaux

Powered by Netsen Group @ 2025